Masterplots :1970 annual : magill's literary annaul /

Saved in:
Bibliographic Details
Main Author: Magill, Frank N.
Format: Book
Language:English
Published: New York : SALEM Press, 1970.
Edition:Comprehensive Library ed.
Subjects:
Tags: Add Tag
No Tags, Be the first to tag this record!

MARC

LEADER 00000cam a22000002 4500
001 0000048420
003 Daystar
005 20171002022510.0
008 120420s xx 000 0 eng d
040 |a Daystar  |d Jkangethe 
050 0 0 |a PN6141  |b .M34 
100 1 |a Magill, Frank N. 
245 1 0 |a Masterplots :1970 annual :  |b magill's literary annaul /  |c Edited by Frank N. Magill. 
250 |a  Comprehensive Library ed. 
260 |a New York :  |b SALEM Press,  |c 1970. 
300 |a 363 p. 
504 |a Includes bibliographical references and index. 
541 |a Messiah College  |c Donation  |d Oct. 1994 
650 0 |a  Books  |v Imprints.  |x Reviews  |z United States. 
908 |a 120420 
942 |c REF 
952 |0 0  |1 0  |4 0  |6 PN_6141_000000000000000_M34_1970  |7 0  |9 58533  |a DUA  |b DUA  |c REF  |d 2017-09-28  |l 0  |o REF PN6141.M34 1970  |p BK109280  |r 2017-09-28 00:00:00  |t c  |w 2017-09-28  |x 35640  |y REF 
999 |c 32549  |d 32549